000 00561nam a22001817a 4500
003 UA-OsUOA
001 13694
007 ta
008 20030616b un ||||| |||| 00| 0 ukr d
100 _aЗасморжук В.
942 _cSA
040 _aUA-OsUOA
_cUA-OsUOA
_dUA-OsUOA
245 _aМи нічим не поступались лідерам
_b[Про міні-футбол. клуб "Рівне"
300 _aС.13
955 _a0
773 0 _w0
_tОго
_dРівне
_d2003
_g№85/15 трав./
650 7 _aКраєзнавча робота
_2UDC
999 _c299855
_d299855